000 00480nam a2200181Ia 4500
001 8070
005 20260306160542.0
008 260306t2016||||xx |||||||||||||| ||spa||
041 _aESP
082 _a370.1
_bH44
100 _aHernández de Lamas, Graciela Beatriz,
_eAUT
245 0 _aLa ciencia de la educación :
_bcurso de filosofía de la educación
260 _c2016
300 _a213 páginas :
_c20 cm.
650 _aGEN
654 _aCED
942 _cLIB
_dJUS
_fJUS
_2ddc
_n
999 _c8070
_d8070